Ponuka služieb pre rodiny s deťmi vo vybraných hoteloch na Slovensku

Služby hotelov zamerané na rodiny s deťmi. Výsledky dotazníkového prieskumu, do ktorého boli zapojené sieťové aj nezávislé hotely. Veková kategória detí v skúmaných hoteloch. Stupeň priateľskosti k deťom v skúmaných hoteloch. Ponúkané služby pre rodiny s deťmi. Vybavenie hotelovej izby pre deti v sk...

Descrizione completa

Salvato in:
Dettagli Bibliografici
Autore principale: Mazúchová, Ľudmila
Altri autori: Gálová, Nikola
Natura: Capitolo di libro
Lingua:slovacco
Soggetti:
Tags: Aggiungi Tag
Nessun Tag, puoi essere il primo ad aggiungerne!!

MARC

LEADER 00000naa a2200000 4500
001 0249987
005 20190110124544.1
041 0 |a slo 
044 |a CZ 
245 1 0 |a Ponuka služieb pre rodiny s deťmi vo vybraných hoteloch na Slovensku  |c Ľudmila Mazúchová, Nikola Gálová 
520 |a Služby hotelov zamerané na rodiny s deťmi. Výsledky dotazníkového prieskumu, do ktorého boli zapojené sieťové aj nezávislé hotely. Veková kategória detí v skúmaných hoteloch. Stupeň priateľskosti k deťom v skúmaných hoteloch. Ponúkané služby pre rodiny s deťmi. Vybavenie hotelovej izby pre deti v skúmaných hoteloch. Doplnkové služby pre deti. Bezpečnostné opatrenia v skúmaných hoteloch. 
610 2 0 |a hotely 
610 2 0 |a služby 
610 2 0 |a rodina 
610 2 0 |a deti 
610 2 0 |a bezpečnosť 
610 2 0 |a prieskum 
610 2 0 |a ruch cestovný 
610 2 0 |a Slovensko 
100 1 |a Mazúchová, Ľudmila 
700 1 |a Gálová, Nikola